Music Quiz

Random Music Quiz

Music theory Quiz Stats

 Plays Quiz not verified by Sporcle

Challenge
Share
Tweet
Embed
Score 0/36 Timer 06:00
0 Plays Today
Description Term % Correct
4/4 for exampletime signature
63.9%
five linesstaff
51.4%
to read in a different key than writtentranspose
48.5%
other name for I chordtonic
47.7%
a 4th or 5thperfect
46.1%
minor third for exampleinterval
45.1%
5th scale degreedominant
44.6%
devil's intervaltritone
40.6%
do, re, mi, fa, sol, la, ti, dosolfege
37.8%
treble, alto, tenor, bassclef
35.6%
phrygian or mixolydianmodes
35.1%
fastest tempo markingpresto
30%
same key different namerelative
27.9%
b,e,a,d,g,c,forder of flats
26.3%
IV, I plagal cadence
25.3%
I, IV, V for examplecadence
24.3%
f,c,g,d,a,e,border of sharps
24.2%
same name different keyparallel
23.2%
Description Term % Correct
ends on vi chorddeceptive cadence
22.2%
1, 2, 3, 4, 5, 6, 7scale degrees
16.7%
f, p, mp, mf, cresc, dec for exampledynamic markings
16.1%
symbols below bass linefigured bass
15.3%
causes bach to kill a kittenparallel fifths
9.4%
2 phrases with half cadence betweenperiod
9.3%
a, b, a binary form
8%
harmonization stylecounterpoint
7.3%
speed of chord progressionharmonic rhythm
7.3%
approached by leap, left by stepappoggiatura
7.2%
slow, fast, slow, fastsonata form
6.7%
in the style of bachchorale
6.6%
same note in basspedal tone
5.7%
learning to hearaural training
5.5%
violin, flute, oboe for examplec instruments
5.4%
6th scale degree relative minor
4.5%
last note of one phrase is the first of the nextelision
4.4%
soloist with orchestratutti
4.1%

You're not logged in!

Compare scores with friends on all Sporcle quizzes.
OR
Log In

You Might Also Like...

Show Comments

Extras

Created Apr 10, 2010ReportNominate
Tags:description, term, theory

Top Quizzes Today


Score Distribution

Your Account Isn't Verified!

In order to create a playlist on Sporcle, you need to verify the email address you used during registration. Go to your Sporcle Settings to finish the process.

Report this User

Report this user for behavior that violates our Community Guidelines.

Details: